000 nam a22 a 4500
999 _c449
_d449
003 AKMAL
005 20170504085322.0
008 170504s19992001my a e 000 0 may d
020 _a9837203994 (kkt.) :
_cRM12.50
040 _aAKMAL
082 _a153.152 SHE
_221
090 0 0 _a153.152
_bSHE
245 1 0 _aKaedah belajar dan berjaya dalam peperiksaan /
_cSherina
260 _aKuala Lumpur :
_bGolden Books Centre,
_c2001
300 _aiii,95ms.
_bil.
_c22cm.
942 _2ddc
_cBOOK